Miasta w Korei Południowej czy w Japonii? - klikanie - Statystyki

Ogólne statystyki
  • Ten quiz został rozwiązany 41 razy
  • Średni wynik to 16 z 18
Statystyki odpowiedzi
Hint Odpowiedź % Poprawnych
Tokio Japonia
100%
Osaka Japonia
100%
Akita Japonia
100%
Kioto Japonia
97%
Niigata Japonia
97%
Kobe Japonia
94%
Fukuoka Japonia
94%
Seul Korea Południowa
94%
Changwon Korea Południowa
94%
Inczon Korea Południowa
94%
Daejeon Korea Południowa
91%
Daegu Korea Południowa
88%
Seongnam Korea Południowa
88%
Chiba Japonia
85%
Pusan Korea Południowa
85%
Ulsan Korea Południowa
82%
Czedżu Korea Południowa
76%
Sendai Japonia
70%
Nie znaleziono quizów pasujących do podanych kryteriów
Rozkład punktacji
Procent ludzi z każdym wynikiem
Percentyl według liczby udzielonych odpowiedzi
Twoja historia wyników
Nie rozwiązałeś tego quizu